000 00857cam a22002414a 4500
001 12197547
005 20180202082849.0
008 001006s2000 wau bf 001 0 eng
010 _a 00709559
020 _a0889372330
040 _aDLC
_cDLC
_dDLC
041 _aeng
042 _apcc
080 _a615.788 BUT
082 0 0 _a615.788 BUT
_221
100 _a5
101 _aFAR
245 0 0 _aClinical handbook of psychotropic drugs /
_cKalyna Z. Bezchlibnyk-Butler, principal editor ; J. Joel Jeffries, co-editor ; contributions from Barry A. Martin ... [et al.].
504 _aIncludes bibliographical references (p. 209-212) and index.
906 _a7
_bcbc
_corigcop
_d2
_encip
_f20
_gy-gencatlg
942 _2ddc
_cBK
999 _c41691
_d41691